Saint-Brice en six tableaux et un dessin / (Record no. 12362)

MARC details
000 -LEADER
campo de control de longitud fija 01008cam a2200301Ia 4500
001 - NÚMERO DE CONTROL
campo de control 41474
005 - FECHA Y HORA DE LA ÚLTIMA TRANSACCIÓN
campo de control 20230410101712.0
008 - DATOS DE LONGITUD FIJA--INFORMACIÓN GENERAL
campo de control de longitud fija 810203s1979 ht a b 000 0 fre d
035 ## - NÚMERO DE CONTROL DEL SISTEMA
Número de control de sistema (OCoLC)ocm07100449
040 ## - FUENTE DE CATALOGACIÓN
Centro catalogador/agencia de origen UIU
Centro/agencia transcriptor UIU
Centro/agencia modificador IXA
035 ## - NÚMERO DE CONTROL DEL SISTEMA
Número de control de sistema (OCoLC)7100449
043 ## - CÓDIGO DE ÁREA GEOGRÁFICA
Código de área geográfica nwht---
082 00 - NÚMERO DE LA CLASIFICACIÓN DECIMAL DEWEY
Número de clasificación 759.7294
050 14 - SIGNATURA TOPOGRÁFICA DE LA BIBLIOTECA DEL CONGRESO
Número de clasificación 110 ND 308
Número de ítem P143s 1979
100 1# - ENTRADA PRINCIPAL--NOMBRE DE PERSONA
Nombre de persona Pailliere, Madeleine.
245 10 - MENCIÓN DEL TÍTULO
Título Saint-Brice en six tableaux et un dessin /
Mención de responsabilidad, etc. Madeleine Pailliere ; photographies, Dominique Franck-Simon.
260 ## - PUBLICACIÓN, DISTRIBUCIÓN, ETC.
Lugar de publicación, distribución, etc. Port-au-Prince, Haiti :
Nombre del editor, distribuidor, etc. H. Deschamps,
Fecha de publicación, distribución, etc. [1979]
300 ## - DESCRIPCIÓN FÍSICA
Extensión 62, [4] p., [7] leaves of plates :
Otras características físicas 7 col. ill. ;
Dimensiones 21 cm.
440 #0 - MENCIÓN DE SERIE/PUNTO DE ACCESO ADICIONAL--TÍTULO
Título Peintre d'Haiti
500 ## - NOTA GENERAL
Nota general "On voyait souvent ses tableaux sur les murs du Centre d'Art (Port-au-Prince, Haiti)."
504 ## - NOTA DE BIBLIOGRAFÍA, ETC.
Nota de bibliografía, etc. Includes bibliography.
600 10 - PUNTO DE ACCESO ADICIONAL DE MATERIA--NOMBRE DE PERSONA
Nombre de persona Saint-Brice, Robert,
Fechas asociadas al nombre 1898-1973.
650 #0 - PUNTO DE ACCESO ADICIONAL DE MATERIA--TÉRMINO DE MATERIA
Término de materia o nombre geográfico como elemento de entrada Painting, Haitian.
650 #4 - PUNTO DE ACCESO ADICIONAL DE MATERIA--TÉRMINO DE MATERIA
Término de materia o nombre geográfico como elemento de entrada CEH
650 #4 - PUNTO DE ACCESO ADICIONAL DE MATERIA--TÉRMINO DE MATERIA
Término de materia o nombre geográfico como elemento de entrada Coleccion Estudios Haitianos
942 ## - ELEMENTOS DE ENTRADA SECUNDARIOS (KOHA)
Fuente del sistema de clasificación o colocación Clasificación de Library of Congress
Tipo de ítem Koha
994 ## -
-- C0
-- DRFGD
Holdings
Estatus retirado Estado de pérdida Fuente del sistema de clasificación o colocación Estado de daño No para préstamo Colección Biblioteca de origen Biblioteca actual Ubicación en estantería Fecha de adquisición Serial enumeration / chronology Signatura topográfica completa Código de barras Visto por última vez Copia número Tipo de ítem Koha
    Clasificación de Library of Congress     Recursos Regionales Biblioteca Juan Bosch Biblioteca Juan Bosch Recursos Regionales (2do. Piso) 10/04/2023 1 110 ND 308 P143s 1979 00000042349 23/10/2018 1